00720nam a22002057a 450000500170000000800410001702000150005802000180007304000520009104100080014310000220015124500920017325000110026526000320027630000530030850400530036165000400041465000360045470000240049020140903174931.0131001s2011 xxuad frn 001 0 eng  a0205793835 a9780205793839 aCO-BoUCMcAngélica RojasdAldemar Mondragón00aeng1 aPopple, Philip R.10aSocial work, social welfare, and American societycPhilip R. Popple, Leslie Leighninger a8th ed aBostonbAllyn & Baconc2011 axviii, 634 páginasbilustraciones y gráficas aIncluye referencias bibliográficas e índices 7aBienestar públicozEstados Unidos 7aServicio socialzEstados Unidos1 aLeighninger, Leslie